[Event "Berlin-ch Seniors op 25th"]
[Site "Berlin"]
[Date "2009.02.17"]
[Round "6"]
[White "Von Muenchhausen, Kai"]
[Black "Kovacevic, Bozo"]
[Result "0-1"]
[WhiteElo "1511"]
[BlackElo "1732"]
[PlyCount "112"]
[EventDate "2009.02.12"]
[EventType "swiss"]
[EventRounds "9"]
[EventCountry "GER"]
[SourceTitle "EXT 2022"]
[Source "ChessBase"]
[SourceDate "2021.10.06"]
[SourceVersion "1"]
[SourceVersionDate "2021.10.06"]
[SourceQuality "1"]

1. e4 e6 2. d4 d5 3. e5 Ne7 4. f4 Ng6 5. Nf3 Bb4+ 6. Bd2 Qe7 7. a3 Bxd2+ 8. Qxd2 c5 9. Bb5+ Bd7 10. a4 a6 11. Bxd7+ Nxd7 12. Nc3 Rc8 13. Ne2 cxd4 14. Nexd4 Nc5 15. 0-0 Ne4 16. Qe3 Qb4 17. Ng5 Nxg5 18. fxg5 0-0 19. a5 Rc4 20. c3 Qc5 21. Rfe1 Rc8 22. Nf3 Qxe3+ 23. Rxe3 Re4 24. Kf2 Rcc4 25. Rae1 Rxe3 26. Kxe3 Ne7 27. Nd4 Ra4 28. b4 Ra2 29. Re2 Ra3 30. Kd3 g6 31. Rb2 Nc6 32. Nxc6 bxc6 33. Kd4 Kf8 34. Rc2 Ke7 35. Kc5 Kd7 36. Kb6 c5 37. Kxa6 Kc7 38. Ka7 Rb3 39. a6 c4 40. b5 Rxb5 41. Rf2 Rb3 42. Rxf7+ Kc6 43. Rb7 Rxc3 44. Kb8 Ra3 45. a7 d4 46. a8Q Rxa8+ 47. Kxa8 c3 48. Rb1 c2 49. Rc1 d3 50. Kb8 Kd5 51. Kc7 d2 52. Rxc2 d1Q 53. Rf2 Kxe5 54. Rf6 Qc1+ 55. Kb7 Kd5 56. Rxe6 Kxe6 0-1

[Event "Berlin-ch Seniors op 25th"]
[Site "Berlin"]
[Date "2009.02.12"]
[Round "1"]
[White "Mayer, Herbert"]
[Black "Von Muenchhausen, Kai"]
[Result "1-0"]
[WhiteElo "1901"]
[BlackElo "1511"]
[PlyCount "61"]
[EventDate "2009.02.12"]
[EventType "swiss"]
[EventRounds "9"]
[EventCountry "GER"]
[SourceTitle "EXT 2022"]
[Source "ChessBase"]
[SourceDate "2021.10.06"]
[SourceVersion "1"]
[SourceVersionDate "2021.10.06"]
[SourceQuality "1"]

1. c4 c5 2. Nc3 Nc6 3. g3 Nf6 4. Bg2 g6 5. f4 Bg7 6. Nf3 0-0 7. 0-0 b6 8. d3 Bb7 9. Kh1 d5 10. cxd5 Nxd5 11. Nxd5 Qxd5 12. Ne5 Qd6 13. Nc4 Qd7 14. Rb1 Nd4 15. e4 Rad8 16. Rf2 e6 17. Qf1 Nc6 18. Rd2 Nb4 19. Ne5 Bxe5 20. fxe5 Nxd3 21. Qf6 Nxc1 22. Rxd7 Rxd7 23. Rxc1 Rfd8 24. Rf1 Ba8 25. Kg1 Bb7 26. Bf3 Ba6 27. Rf2 Bb7 28. h4 Ba8 29. Rf1 Bb7 30. Be2 Bxe4 31. Bb5 1-0

[Event "Brandenburg-ch Seniors 22nd"]
[Site "Berlin"]
[Date "2006.02.27"]
[Round "7"]
[White "Winz, Michael"]
[Black "Von Muenchhausen, Kai"]
[Result "1-0"]
[WhiteElo "1624"]
[BlackElo "1484"]
[PlyCount "75"]
[EventDate "2006.02.20"]
[EventType "swiss"]
[EventRounds "9"]
[EventCountry "GER"]
[SourceTitle "EXT 2007"]
[Source "ChessBase"]
[SourceDate "2006.11.23"]
[SourceVersion "1"]
[SourceVersionDate "2006.11.23"]
[SourceQuality "1"]

1. d4 d5 2. c4 dxc4 3. Nf3 Nf6 4. Nc3 e6 5. e4 Be7 6. Bxc4 0-0 7. 0-0 b6 8. Bg5 Bb7 9. e5 Nd5 10. Nxd5 exd5 11. Bxe7 Qxe7 12. Bd3 Ba6 13. Rc1 Bxd3 14. Qxd3 a5 15. Rc2 Ra7 16. Rfc1 h6 17. h3 Rc8 18. Qb5 Qe6 19. a3 a4 20. Nh2 Qe7 21. Qxd5 Ra5 22. Qb7 Rd8 23. Rxc7 Rd7 24. Qxb8+ Kh7 25. Qxb6 Rad5 26. Nf3 Rxc7 27. Rxc7 Rd7 28. Rxd7 Qxd7 29. Qc5 Kg8 30. d5 Kh7 31. Qc2+ Kg8 32. d6 Kf8 33. Qc7 Ke8 34. Qb8+ Qd8 35. Qxd8+ Kxd8 36. Nd2 Kd7 37. f4 f6 38. Nc4 1-0

[Event "Brandenburg-ch Seniors 22nd"]
[Site "Berlin"]
[Date "2006.02.25"]
[Round "6"]
[White "Von Muenchhausen, Kai"]
[Black "Pilz, Joachim"]
[Result "1/2-1/2"]
[WhiteElo "1484"]
[BlackElo "1667"]
[PlyCount "33"]
[EventDate "2006.02.20"]
[EventType "swiss"]
[EventRounds "9"]
[EventCountry "GER"]
[SourceTitle "EXT 2007"]
[Source "ChessBase"]
[SourceDate "2006.11.23"]
[SourceVersion "1"]
[SourceVersionDate "2006.11.23"]
[SourceQuality "1"]

1. c4 Nf6 2. Nf3 g6 3. g3 Bg7 4. Bg2 d6 5. d4 0-0 6. 0-0 e6 7. Nc3 h6 8. d5 e5 9. Be3 Ng4 10. Bd2 a5 11. Rb1 Nd7 12. a3 Nb6 13. b3 Bd7 14. h3 Nf6 15. Re1 Re8 16. e4 Qc8 17. Kh2 1/2-1/2

[Event "Berlin op 10"]
[Site "Berlin"]
[Date "2003.10.20"]
[Round "2"]
[White "Figura, Aleksandar"]
[Black "Von Muenchhausen, Kai"]
[Result "1-0"]
[WhiteElo "1649"]
[BlackElo "1465"]
[PlyCount "51"]
[EventDate "2003.10.13"]
[EventType "swiss"]
[EventRounds "7"]
[EventCountry "GER"]
[SourceTitle "EXT 2007"]
[Source "ChessBase"]
[SourceDate "2006.11.23"]
[SourceVersion "1"]
[SourceVersionDate "2006.11.23"]
[SourceQuality "1"]

1. d4 Nf6 2. Nc3 d5 3. e4 dxe4 4. f3 exf3 5. Qxf3 e6 6. Bd3 Bb4 7. Nge2 Nc6 8. Bb5 Bd7 9. 0-0 h6 10. Ne4 Be7 11. c3 Na5 12. Bd3 a6 13. b4 Nc6 14. N2g3 Rf8 15. Nxf6+ Bxf6 16. Nh5 Nxb4 17. Nxf6+ gxf6 18. cxb4 Bc6 19. Qxf6 Qd5 20. Rf2 Qh5 21. Bxh6 Rg8 22. Raf1 Rd8 23. h4 Rd7 24. Bh7 Rg4 25. Qh8+ Ke7 26. Qf8# 1-0